F1 2024 – Résultats par Grand Prix : Australie - Statistiques

Statistiques générales
  • Ce quiz a été pris 28 fois
  • Le résultat moyen est 4 sur 9
Statistiques - réponses
Hint Réponse % Correct
Australie - Pole Verstappen
100%
Australie - P1 Sainz
64%
Australie - P3 Leclerc
45%
Australie - DNF 1 Verstappen
45%
Australie - P2 Perez
41%
Australie - Fastest Piastri
32%
Australie - DOD Sainz
32%
Australie - DNF 2 Russell
14%
Australie - DNF 3 Hamilton
5%
Aucun quiz correspondant
Distribution des résultats
% des personnes avec chaque résultat
Percentile par nombre de réponses
Votre historique - résultats
Vous n’avez pas pris ce quiz